000 00824nam a2200229 a 4500
003 CBULib
005 20240418081132.0
008 070809s2006 ||||||||||||||||| || u
040 _aCBULib
_bEnglish
_cCBULib
_erda
041 _aeng
050 _aUNCTAD(058)DDR/2005
110 _aUnited Nations Conference on Trade and Development (UNCTAD)
245 1 4 _aThe digital divide : ICT diffusion index 2005
_c/ by United Nations Conference on Trade and Development (UNCTAD)
260 _aNew York :
_bUnited Nations,
_c2006
300 _axii, 70 pages : illustrations
336 _2rdacontent
_aText |
_btxt
337 _2rdamedia
_aUnmediated |
_bn
338 _2rdacarrier
_aVolume
_bnc
650 _aICT DIFFUSION INDEX
942 _2mc
_c029
999 _c40163
_d40163